000 00315nam a22001337a 4500
008 171005b xxu||||| |||| 00| 0 eng d
020 _a9781429246699
041 _aeng
080 _a159.9
100 _a49
101 _aPSI
245 _aWAHT AGUIDE TO BIOLOGY WITH PHYSIOLOGY
_cPHELAN.J
942 _2udc
_cBK
999 _c32057
_d32057